| 000 | 00552nam a2200193Ia 4500 | ||
|---|---|---|---|
| 003 | LDD | ||
| 008 | 181029s9999 xx 000 0 und d | ||
| 020 |
_a313329699 _cP 125.00 |
||
| 040 | _cLDD | ||
| 100 | _aDitmore, Melissa Hope | ||
| 245 | 0 |
_aEncyclopedia of prostitution and sex work _cMelissa Hope Ditmore |
|
| 260 |
_aLondon _bGreenwood _c2006 |
||
| 300 | _a2v | ||
| 365 | _bP 125.00 | ||
| 901 |
_a3812 _b06-02-2007 |
||
| 902 |
_a8967 _b08-03-2007 _cF _dOP _e0 |
||
| 903 |
_aDiscount-10 _bReqst by : Thomas, Gracious (Dr.) |
||
| 942 |
_2ddc _cBK |
||
| 999 |
_c78555 _d78555 |
||